02056nam a2200373 a 4500001001200000003000800012006001900020007001500039008004100054010001700095020003000112040002100142035002100163050002300184082001700207110003300224245013300257260005700390300003100447500011100478504005100589505040100640533015201041650003201193650003601225650003201261655002901293700002601322710008401348710009001432710001701522856012601539999001701665ebr10557791CaPaEBRm u cr cn|||||||||120217s2012 dcua sb 001 0 eng d z 2012007052 z9780309214353 (hardcover) aCaPaEBRcCaPaEBR a(OCoLC)79781742014aQR189b.I57 2012eb04a615.3/722232 aInstitute of Medicine (U.S.)10aAdverse effects of vaccinesh[electronic resource] :bevidence and causality /cInstitute of Medicine of the National Academies. aWashington, D.C. :bNational Academies Press,c2012. axxvii, 865 p. :bcol. ill. a"Committee to Review Adverse Effects of Vaccines ; Board on Population Health and Public Health Practice." aIncludes bibliographical references and index.0 aApproach -- Evaluating biological mechanisms of adverse events -- Measles, mumps, and rubella vaccine -- Varicella virus vaccine -- Influenza vaccine -- Hepatitis A vaccine -- Hepatitis B vaccine -- Human papillomavirus vaccine -- Diphtheria toxoid-, tetanus toxoid-, and acellular pertussis-containing vaccines -- Meningococcal vaccine -- Injection-related adverse events -- Concluding comments. aElectronic reproduction.bPalo Alto, Calif. :cebrary,d2011.nAvailable via World Wide Web.nAccess may be limited to ebrary affiliated libraries. 0aVaccinationxComplications. 0aBacterial diseasesxPrevention. 0aVirus diseasesxPrevention. 7aElectronic books.2local1 aStratton, Kathleen R.2 aInstitute of Medicine (U.S.).bCommittee to Review Adverse Effects of Vaccines.2 aInstitute of Medicine (U.S.).bBoard on Population Health and Public Health Practice.2 aebrary, Inc.40uhttp://site.ebrary.com/lib/rucke/Doc?id=10557791zAn electronic book accessible through the World Wide Web; click to view c87745d87745